000 00602nam a2200229Ia 4500
003 OSt
005 20220924151818.0
006 a|||||r|||| 00| 0
007 ta
008 220923b |||||||| |||| 00| 0 mar d
024 _a339238
037 _cTextual
040 _aARTS
_cARTS
_bmar
041 _2mar
_amar
082 _aDelta25x, 155N1
100 _aKamat Ramchandra Krishna Au.
_9225029
245 0 _aNamjpache mahtav
260 _c1991
650 _aSPIRurdALISM
942 _hDelta25x, 155N1
_cTEXL
_2CC
999 _c467757
_d467757